| 000 | 02039nam0a2200409 i 4500 | ||
|---|---|---|---|
| 001 | RU\NLR\bibl\2011657 | ||
| 005 | 20260407084450.0 | ||
| 010 |
_a9785904247607 _9200 |
||
| 021 |
_aRU _b2013-13864 _9989 |
||
| 035 | _a(nilc)RuMoRGB-006541205 | ||
| 035 | _a(NLR Aleph) 002000184 | ||
| 090 |
_a4348129 _c4348129 |
||
| 100 | _a20130226d2012 k y0rusy50 ca | ||
| 101 | 0 | _arus | |
| 102 | _aRU | ||
| 105 | _ay ||||||||| | ||
| 200 | 1 |
_aСовременная молодежь о жизненном успехе и стратегиях достижений _eопыт социолого-философского анализа _f[Захарова И.Н., Зобов Р.А., Клинецкая Н.В. и др.] _gпод ред. д.социол.н. А.А. Козлова _gРос. гуманит. науч. фонд, Фак. социологии С.-Петерб. гос. ун-та |
|
| 210 |
_aСанкт-Петербург _cЭлекСис _d2012 |
||
| 215 |
_a122, [1] с. _d21 |
||
| 300 | _aАвт. указаны на 4-й с. | ||
| 320 | _aБиблиогр. в конце ст. | ||
| 606 |
_aМолодежь _xОриентации ценностные _91630210 _3RU\NLR\AUTH\66720022 |
||
| 610 | 0 | _aстратегии, достижения молодежи | |
| 686 | 1 | _aС550.325.1 | |
| 701 | 1 |
_4070 _aЗахарова _bИ. Н. _cсоциолог _gИнна Николаевна _9128866 _3RU\NLR\AUTH\770128897 |
|
| 701 | 1 |
_aЗобов _bР. А. _4070 |
|
| 701 | 1 |
_aКлинецкая _bН. В. _4070 |
|
| 702 | 1 |
_4340 _8rus _7ca _aКозлов _bА. А. _cд-р социол. наук _f1947- _gАнатолий Александрович _3RU\NLR\auth\7748859 _931794 |
|
| 712 | 0 | 2 |
_4570 _aРоссийский гуманитарный научный фонд _3RU\NLR\AUTH\8812483 _9297736 |
| 801 | 0 |
_aRU _bRuMoRKP _c20130226 _gRCR |
|
| 801 | 2 |
_aRU _bРГБ _c20130319 _grcr |
|
| 801 | 1 |
_aRU _bRuMoRKP _c20130226 _2rusmarc |
|
| 801 | 2 |
_aRU _bNLR _c20130314 _grcr |
|
| 942 | _cBOOK | ||
| 980 | _aNBR | ||